[Event "Xtracon Chess Open 2017"]
[Site "Helsingor DEN"]
[Date "2017.07.25"]
[Round "5.23"]
[White "Merkesvik, Sondre"]
[Black "Hector, Jonny"]
[Result "0-1"]
[WhiteTitle "FM"]
[BlackTitle "GM"]
[WhiteElo "2211"]
[BlackElo "2497"]
[WhiteFideId "1514350"]
[BlackFideId "1700090"]
[EventDate "2017.07.22"]

1. e4 e5 2. Nf3 Nc6 3. Bc4 Nf6 4. d4 exd4 5. O-O Nxe4 6. Re1 d5 7. Bxd5 Qxd5 8.
Nc3 Qh5 9. Nxe4 Be6 10. Bg5 Bd6 11. Nxd6+ cxd6 12. Bf4 Qd5 13. c3 Kd7 14. Nd2
Rhd8 15. Ne4 Ke7 16. Bg5+ f6 17. Qh5 Qf5 18. cxd4 Kd7 19. d5 Bxd5 20. Nc3 fxg5
21. Nxd5 Qxd5 22. Rad1 Qf5 0-1

[Event "Xtracon Chess Open 2017"]
[Site "Helsingor DEN"]
[Date "2017.07.25"]
[Round "5.24"]
[White "Bach, Matthias"]
[Black "Tan, Justin2"]
[Result "1/2-1/2"]
[WhiteTitle "FM"]
[BlackTitle "IM"]
[WhiteElo "2200"]
[BlackElo "2462"]
[WhiteFideId "4603168"]
[BlackFideId "3206882"]
[EventDate "2017.07.22"]

1. d4 Nf6 2. c4 e6 3. Nf3 c5 4. d5 exd5 5. cxd5 d6 6. Nc3 g6 7. e4 Bg7 8. h3 O-O
9. Bd3 a6 10. O-O b5 11. Re1 Nfd7 12. Bg5 f6 13. Bh4 Qb6 14. Qd2 Ra7 15. a4 b4
16. Nd1 Ne5 17. Nxe5 fxe5 18. b3 Raf7 19. Nb2 h6 20. Nc4 Qc7 21. Be2 Rf4 22. Bg4
Bxg4 23. hxg4 Rxg4 24. Bg3 h5 25. Qe2 Bh6 26. Bh2 Qe7 27. f3 Rg5 28. g3 1/2-1/2

[Event "Xtracon Chess Open 2017"]
[Site "Helsingor DEN"]
[Date "2017.07.25"]
[Round "5.25"]
[White "Jepson, Christian"]
[Black "Schmidt, Kristen"]
[Result "1-0"]
[WhiteTitle "IM"]
[WhiteElo "2421"]
[BlackElo "2201"]
[WhiteFideId "1701185"]
[BlackFideId "1400436"]
[EventDate "2017.07.22"]

1. Nf3 c5 2. c4 Nc6 3. d4 cxd4 4. Nxd4 g6 5. e4 Bg7 6. Be3 Nf6 7. Nc3 Ng4 8.
Qxg4 Nxd4 9. Qd1 e5 10. Qd2 a6 11. Bd3 O-O 12. O-O d6 13. Rac1 Be6 14. Ne2 b5
15. b3 bxc4 16. bxc4 Rb8 17. f3 Qb6 18. Rfd1 Nxe2+ 19. Bxe2 Bh6 20. Bxb6 Bxd2
21. Rxd2 Rxb6 22. c5 dxc5 23. Rxc5 Rfb8 24. a4 Rb1+ 25. Kf2 R8b2 26. Rxb2 Rxb2
27. Kf1 Bd7 28. a5 Bb5 29. Bxb5 axb5 30. Rxe5 b4 31. Rb5 h5 32. h4 Kg7 33. Kg1
b3 34. Kh2 Ra2 35. Kg3 b2 36. Kf4 b1=Q 37. Rxb1 Rxa5 38. Rb2 Ra1 39. Rb7 Ra2 40.
g3 Re2 41. Rb6 Re1 42. Rb3 Ra1 43. Rd3 Rg1 44. Ra3 Rg2 45. Ra5 Rg1 46. Rg5 Rg2
47. Rc5 Rg1 48. Rd5 Rg2 49. Ra5 Rg1 50. Rg5 Rg2 51. g4 f6 52. Rc5 hxg4 53. fxg4
Rf2+ 54. Kg3 Re2 55. Kf3 Rh2 56. Kg3 Re2 57. Rc7+ Kg8 58. Rc8+ Kg7 59. Kf3 Rh2
60. g5 fxg5 61. hxg5 Rh4 62. Rc7+ Kf8 63. Rd7 Kg8 64. Rd5 Kf7 65. Rd7+ Ke6 66.
Rg7 Ke5 67. Rxg6 Rf4+ 68. Kg3 Rxe4 69. Rf6 Ra4 70. Kf3 Rb4 71. Rf8 Rb1 72. Kg4
Rg1+ 73. Kh5 Rh1+ 74. Kg6 Rg1 75. Kh6 Rh1+ 76. Kg7 Rg1 77. g6 Ke6 78. Rf2 1-0

[Event "Xtracon Chess Open 2017"]
[Site "Helsingor DEN"]
[Date "2017.07.25"]
[Round "5.26"]
[White "Andersen, Morten"]
[Black "Zude, Erik"]
[Result "0-1"]
[BlackTitle "IM"]
[WhiteElo "2193"]
[BlackElo "2421"]
[WhiteFideId "1504908"]
[BlackFideId "4604644"]
[EventDate "2017.07.22"]

1. e4 c5 2. Nf3 d6 3. d4 cxd4 4. Nxd4 Nf6 5. Nc3 a6 6. Bg5 e6 7. f4 h6 8. Bh4
Qb6 9. Qd2 Qxb2 10. Nb3 Nc6 11. Bd3 Qa3 12. O-O Be7 13. Qe1 Bd7 14. Kh1 g5 15.
Bg3 gxf4 16. Bxf4 Rc8 17. Bd2 Ne5 18. Qf2 Nfg4 19. Qd4 Bg5 20. Nb1 Qa4 21. Qxd6
Qc6 22. Qd4 Ng6 23. Bb4 e5 24. Qd6 Qxd6 25. Bxd6 Be7 26. Bxe7 Kxe7 27. N1d2 Ne3
28. Rfc1 Rc7 29. Nf1 Nxf1 30. Rxf1 Rd8 31. g3 Nf8 32. Rf2 Bh3 33. Nd2 Ne6 34.
Nc4 Rc5 35. Ne3 Kf8 36. Nd5 Ng5 37. Rf6 Kg7 38. Rb6 Be6 39. Ne3 Rd4 40. Rxb7
Nxe4 41. Kg2 a5 42. a3 Nf6 43. Ra7 Nd5 44. Kf2 Ra4 45. Rb1 Nxe3 46. Kxe3 e4 47.
Bb5 Rc3+ 48. Kd2 Raxa3 49. Bd7 e3+ 50. Ke1 Bxd7 51. Rxd7 Rxc2 0-1

[Event "Xtracon Chess Open 2017"]
[Site "Helsingor DEN"]
[Date "2017.07.25"]
[Round "5.27"]
[White "Das, Arghyadip"]
[Black "Schroeder, Christoph"]
[Result "1-0"]
[WhiteTitle "IM"]
[WhiteElo "2416"]
[BlackElo "2196"]
[WhiteFideId "5003610"]
[BlackFideId "4605250"]
[EventDate "2017.07.22"]

1. e4 c5 2. Nc3 d6 3. f4 g6 4. d4 cxd4 5. Qxd4 Nf6 6. Bd3 Nc6 7. Qf2 Bg7 8. Nf3
O-O 9. O-O Nb4 10. Qh4 Nxd3 11. cxd3 e6 12. Be3 Bd7 13. Kh1 Bc6 14. f5 exf5 15.
exf5 Nd7 16. Bg5 f6 17. Be3 Ne5 18. Nd4 g5 19. Qg3 Bd7 20. Rad1 Kh8 21. Ne6 Bxe6
22. fxe6 d5 23. Bc5 Re8 24. d4 Nc6 25. Nb5 Rxe6 26. Nc7 Re2 27. Nxa8 Qxa8 28.
Qf3 Re4 29. Qb3 b6 30. Qxd5 Qe8 31. Bd6 h6 32. Be5 Re2 33. Bxf6 1-0

[Event "Xtracon Chess Open 2017"]
[Site "Helsingor DEN"]
[Date "2017.07.25"]
[Round "5.28"]
[White "Colpe, Malte"]
[Black "Olsen, Filip Boe"]
[Result "1-0"]
[BlackTitle "FM"]
[WhiteElo "2412"]
[BlackElo "2189"]
[WhiteFideId "24623075"]
[BlackFideId "1440640"]
[EventDate "2017.07.22"]

1. d4 d5 2. c4 c6 3. Nf3 Nf6 4. Qc2 dxc4 5. Qxc4 Bf5 6. g3 e6 7. Bg2 Be7 8. O-O
Nbd7 9. e3 O-O 10. Qe2 c5 11. Nc3 Ne4 12. Ne1 Nxc3 13. bxc3 Rb8 14. e4 Bg6 15.
Nd3 cxd4 16. cxd4 Nb6 17. Bb2 Na4 18. Rad1 Nxb2 19. Qxb2 Qa5 20. Nf4 Bd6 21. e5
Ba3 22. Qb3 Qb4 23. Qe3 Bb2 24. d5 exd5 25. Bxd5 Qc3 26. Nxg6 hxg6 27. e6 Qxe3
28. exf7+ Kh7 29. fxe3 b5 30. Rf4 Bf6 31. e4 g5 32. Rf5 a5 33. e5 Be7 34. e6 g6
35. Rff1 a4 36. Bc6 Rb6 37. Bd7 Kg7 38. Rc1 b4 39. Bxa4 Rxe6 40. Be8 Re2 41. Rf2
Re5 42. Kg2 Rh8 43. Rc4 Bc5 44. Rfc2 Bf8 45. Rc6 Rh7 46. Kf3 Rh5 47. Ra6 Rf5+
48. Kg4 Rh6 49. Rcc6 Re5 50. Rcb6 Re4+ 51. Kf3 Re5 52. h3 Rc5 53. Ba4 Rf5+ 54.
Kg4 Rxf7 55. Be8 Re7 56. Bxg6 Re3 57. h4 gxh4 58. gxh4 Be7 59. h5 Rh8 60. Ra7
Rd8 61. Rxb4 Kh6 62. Rb6 Rg8 63. Rbb7 Rg7 64. Ra8 Re4+ 65. Kf5 Rxg6 66. hxg6 Re1
67. Rh8+ Kg7 68. Rxe7+ 1-0

[Event "Xtracon Chess Open 2017"]
[Site "Helsingor DEN"]
[Date "2017.07.25"]
[Round "5.29"]
[White "Leutwyler, Martin"]
[Black "Sukandar, Irine Kharisma"]
[Result "0-1"]
[BlackTitle "IM"]
[WhiteElo "2198"]
[BlackElo "2409"]
[WhiteFideId "1301969"]
[BlackFideId "7101937"]
[EventDate "2017.07.22"]

1. d4 Nf6 2. c4 e6 3. g3 d5 4. Bg2 Bb4+ 5. Bd2 Bd6 6. Nc3 c6 7. cxd5 exd5 8. Nf3
O-O 9. O-O Re8 10. Bf4 Bxf4 11. gxf4 Bf5 12. Ne5 Nbd7 13. e3 Nxe5 14. fxe5 Ne4
15. Nxe4 dxe4 16. f3 exf3 17. Qxf3 Bg6 18. Qf4 Qb6 19. Rf2 Rad8 20. Kh1 Qb5 21.
h4 Qd3 22. Bf3 f6 23. exf6 Qxe3 24. Qxe3 Rxe3 25. fxg7 Rxf3 26. Rxf3 Be4 27. Rf1
Rxd4 28. Kg1 Bxf3 29. Rxf3 Rxh4 30. Rg3 Rh6 31. Ra3 a6 32. Rd3 Rg6+ 33. Kf2 Rf6+
34. Ke3 Kxg7 35. Rd7+ Rf7 36. Rd6 h5 37. Kd4 h4 38. Kc5 Rf5+ 39. Kc4 h3 40. Rd2
Kg6 41. Rh2 Rh5 42. Kd4 Kf5 43. Ke3 Kg4 44. Kf2 Rc5 0-1

[Event "Xtracon Chess Open 2017"]
[Site "Helsingor DEN"]
[Date "2017.07.25"]
[Round "5.30"]
[White "Kaasen, Tor Fredrik"]
[Black "Petersen, Peter Birk"]
[Result "1-0"]
[WhiteTitle "FM"]
[WhiteElo "2409"]
[BlackElo "2179"]
[WhiteFideId "1516647"]
[BlackFideId "1401696"]
[EventDate "2017.07.22"]

1. d4 g6 2. e4 Bg7 3. Nf3 d6 4. Be2 Nf6 5. Nc3 O-O 6. O-O a6 7. a4 b6 8. e5 Nfd7
9. Qd3 dxe5 10. dxe5 Nc5 11. Qe3 Bb7 12. Rd1 Qc8 13. Nd5 Bxd5 14. Rxd5 Nc6 15.
b3 Qf5 16. Ba3 Rad8 17. Rxd8 Rxd8 18. Bxc5 bxc5 19. Bd3 Qh5 20. Re1 Nd4 21. Nd2
Bh6 22. f4 Nf5 23. Qf2 Rd4 24. g3 e6 25. Ne4 Bg7 26. Nxc5 Rd8 27. Be2 Qh6 28.
Rd1 Rd5 29. Rxd5 exd5 30. Bxa6 Bf8 31. Nd7 d4 32. Bd3 Ne3 33. a5 Qh5 34. Nf6+ 1-0

[Event "Xtracon Chess Open 2017"]
[Site "Helsingor DEN"]
[Date "2017.07.25"]
[Round "5.31"]
[White "Aabling-Thomsen, Jakob"]
[Black "Kardoeus, David"]
[Result "1-0"]
[WhiteTitle "IM"]
[WhiteElo "2391"]
[BlackElo "2165"]
[WhiteFideId "1407589"]
[BlackFideId "12912050"]
[EventDate "2017.07.22"]

1. c4 Nf6 2. Nc3 g6 3. e4 d6 4. d4 Bg7 5. Nf3 O-O 6. Be3 Ng4 7. Bg5 f6 8. Bh4 g5
9. h3 Nh6 10. Bg3 e5 11. c5 Be6 12. cxd6 cxd6 13. d5 Bc8 14. Nd2 f5 15. f3 Nd7
16. Be2 Nf6 17. Bf2 g4 18. hxg4 fxg4 19. Be3 Nf7 20. fxg4 h6 21. Bf3 Nh7 22. Qe2
Bf6 23. O-O-O Bg5 24. Nf1 Bd7 25. Kb1 Qa5 26. Qd2 Kg7 27. Ng3 Nf6 28. Nf5+ Bxf5
29. gxf5 b5 30. Rh3 Rac8 31. Rdh1 Rh8 32. Rg3 Rcg8 33. Bh5 Nxh5 34. Rxh5 Kf6 35.
a3 Rg7 36. Rgh3 b4 37. Na2 Qa4 38. Nxb4 Rc8 39. Bxg5+ hxg5 40. Qe2 a5 41. Nc6 g4
42. Rh6+ Nxh6 43. Rxh6+ Kf7 44. Rxd6 Kf8 45. Rh6 Kf7 46. Nxe5+ Kg8 47. Nc6 Qb3
48. f6 Rxc6 49. dxc6 Rg5 50. c7 1-0

[Event "Xtracon Chess Open 2017"]
[Site "Helsingor DEN"]
[Date "2017.07.25"]
[Round "5.32"]
[White "Haldorsen, Benjamin"]
[Black "Sorensen, Torben Kyhl"]
[Result "1-0"]
[WhiteTitle "FM"]
[WhiteElo "2370"]
[BlackElo "2155"]
[WhiteFideId "1512633"]
[BlackFideId "1412248"]
[EventDate "2017.07.22"]

1. e4 c5 2. Nf3 Nc6 3. d4 cxd4 4. Nxd4 Nf6 5. Nc3 e5 6. Ndb5 d6 7. Bg5 a6 8. Na3
b5 9. Bxf6 gxf6 10. Nd5 Be6 11. Bd3 f5 12. c3 Bg7 13. O-O O-O 14. Nc2 f4 15. a4
bxa4 16. Rxa4 a5 17. Qh5 f5 18. c4 Bf7 19. Qh3 Bxd5 20. cxd5 Ne7 21. exf5 Rf6
22. g4 fxg3 23. hxg3 Rh6 24. Rh4 Qf8 25. Rxh6 Bxh6 26. Ne3 Bxe3 27. f6 Qh6 28.
Qe6+ Kh8 29. fxe3 Ng6 30. f7 Qxe3+ 31. Kg2 Kg7 32. Qf6+ Kf8 33. Bxg6 Qd2+ 34.
Rf2 Qxd5+ 35. Kh2 hxg6 36. Qh8+ 1-0

[Event "Xtracon Chess Open 2017"]
[Site "Helsingor DEN"]
[Date "2017.07.25"]
[Round "5.33"]
[White "Moe, Mogens"]
[Black "Hoi, Carsten"]
[Result "0-1"]
[WhiteTitle "FM"]
[BlackTitle "GM"]
[WhiteElo "2188"]
[BlackElo "2356"]
[WhiteFideId "1400550"]
[BlackFideId "1400100"]
[EventDate "2017.07.22"]

1. e4 g6 2. d4 Bg7 3. Nc3 d6 4. f4 Nc6 5. Nf3 Bg4 6. Be3 Bxf3 7. gxf3 e6 8. Qd2
Nge7 9. O-O-O d5 10. h4 h5 11. Bh3 f5 12. Qg2 Qd7 13. Na4 b6 14. c4 Nb4 15. Nc3
dxc4 16. a3 Nd3+ 17. Rxd3 cxd3 18. Rd1 Bxd4 19. Rxd3 Bxe3+ 20. Rxe3 O-O-O 21.
Qe2 Kb8 22. exf5 Nxf5 23. Bxf5 exf5 24. Re7 Qc6 25. Re6 Rd6 26. Re7 Rhd8 27. Kb1
Rd3 28. Re3 Rxe3 29. Qxe3 Qc4 30. Kc2 Kb7 31. a4 a5 32. b3 Qc6 33. Qf2 Qd7 34.
Qe3 Re8 35. Qf2 Qc6 36. Kb2 Qc5 37. Qd2 Qd6 38. Kc2 Qxd2+ 39. Kxd2 Kc6 40. Ne2
Kc5 41. Nc1 Kb4 42. Kc2 Re3 43. Nd3+ Rxd3 0-1

[Event "Xtracon Chess Open 2017"]
[Site "Helsingor DEN"]
[Date "2017.07.25"]
[Round "5.34"]
[White "Issakainen, Ari"]
[Black "Rietze, Clemens"]
[Result "0-1"]
[BlackTitle "FM"]
[WhiteElo "2168"]
[BlackElo "2343"]
[WhiteFideId "500330"]
[BlackFideId "24620351"]
[EventDate "2017.07.22"]

1. d4 Nf6 2. c4 g6 3. g3 Bg7 4. Bg2 d5 5. Nf3 dxc4 6. O-O O-O 7. Na3 c3 8. bxc3
c5 9. e3 Nc6 10. Qe2 Qa5 11. Bb2 Bf5 12. Rfd1 Rfd8 13. Nd2 Bg4 14. f3 Be6 15.
Nb3 Bxb3 16. axb3 Qb6 17. Nc4 Qxb3 18. f4 cxd4 19. cxd4 Rac8 20. Rdc1 Nd5 21.
Kh1 Qb5 22. Bf3 Ndb4 23. Bc3 Nd5 24. Bd2 Bxd4 25. Rab1 Qa6 26. Bxd5 Rxd5 27.
exd4 Nxd4 28. Qe4 e6 29. Ne3 Rxc1+ 30. Rxc1 Qe2 31. Rc8+ Kg7 32. Bc3 Kh6 33. h3
f5 0-1

[Event "Xtracon Chess Open 2017"]
[Site "Helsingor DEN"]
[Date "2017.07.25"]
[Round "5.35"]
[White "Petersen, Tom Petri"]
[Black "Deur Saric, Zrinka"]
[Result "1/2-1/2"]
[WhiteTitle "FM"]
[BlackTitle "WFM"]
[WhiteElo "2338"]
[BlackElo "2152"]
[WhiteFideId "1403486"]
[BlackFideId "14512670"]
[EventDate "2017.07.22"]

1. Nf3 c5 2. c4 Nc6 3. g3 g6 4. Bg2 Bg7 5. O-O d6 6. Nc3 Nh6 7. a3 O-O 8. Rb1
Be6 9. d3 Nf5 10. Bd2 a5 11. Nb5 Rb8 12. e3 h5 13. h4 Ne5 14. Nxe5 dxe5 15. Bc3
Nd6 16. Nxd6 exd6 17. b4 axb4 18. axb4 b5 19. cxb5 Rxb5 20. bxc5 Rxb1 21. Qxb1
dxc5 22. Qb5 Qd6 23. Rb1 Bd7 24. Qc4 Be6 25. Qb5 1/2-1/2

[Event "Xtracon Chess Open 2017"]
[Site "Helsingor DEN"]
[Date "2017.07.25"]
[Round "5.36"]
[White "Ezra, Paul Chambers"]
[Black "Dauth, Benjamin"]
[Result "0-1"]
[WhiteTitle "FM"]
[BlackTitle "FM"]
[WhiteElo "2162"]
[BlackElo "2332"]
[WhiteFideId "20300204"]
[BlackFideId "4688104"]
[EventDate "2017.07.22"]

1. e4 e5 2. Nf3 Nc6 3. Nc3 Nf6 4. d4 exd4 5. Nxd4 d6 6. Bb5 Bd7 7. Bxc6 bxc6 8.
Qf3 c5 9. Nf5 Bxf5 10. exf5 Be7 11. Qc6+ Kf8 12. Bf4 Rb8 13. O-O-O Qd7 14. Qf3
Kg8 15. g4 h6 16. h4 Rb4 17. a3 Rc4 18. h5 Nxg4 19. Nd5 Nf6 20. Ne3 Rd4 21. Rdg1
Kh7 22. Rg2 Rb8 23. Rhg1 Bf8 24. b3 c4 25. Bxh6 gxh6 26. Ng4 Bg7 27. Ne5 dxe5
28. Rxg7+ Kh8 29. Qe3 Rf4 30. Qxe5 Qxf5 31. Qxc7 Rc8 32. Qxf7 cxb3 33. Qxb3 Rfc4 0-1

[Event "Xtracon Chess Open 2017"]
[Site "Helsingor DEN"]
[Date "2017.07.25"]
[Round "5.37"]
[White "Brorsen, Jacob Abildlund"]
[Black "Tryggestad, Andreas Garberg"]
[Result "0-1"]
[BlackTitle "FM"]
[WhiteElo "2153"]
[BlackElo "2324"]
[WhiteFideId "1411233"]
[BlackFideId "1513338"]
[EventDate "2017.07.22"]

1. e4 c5 2. Nf3 e6 3. g3 Nf6 4. Qe2 d5 5. exd5 Nxd5 6. Bg2 Be7 7. O-O Nc6 8. Rd1
Bf6 9. c3 O-O 10. Na3 b6 11. d3 Ba6 12. h4 h6 13. Nc4 Bxc3 14. Bxh6 gxh6 15.
bxc3 Nxc3 16. Qd2 Nxd1 17. Qxh6 Qxd3 18. Nce5 Nxe5 19. Nxe5 Qh7 20. Qxh7+ Kxh7
21. Bxa8 Nc3 22. Bf3 Kg7 23. h5 Ne2+ 24. Kg2 Nd4 25. Be4 f5 26. Bf3 Rh8 27. g4
Kf6 28. Re1 Rh7 29. Bd1 c4 30. f4 fxg4 31. Nxg4+ Ke7 32. Ne3 Kd6 33. Kg3 c3 34.
Rh1 Bd3 35. Rh2 Rg7+ 36. Kf2 c2 0-1

[Event "Xtracon Chess Open 2017"]
[Site "Helsingor DEN"]
[Date "2017.07.25"]
[Round "5.38"]
[White "Pantzar, Milton"]
[Black "Wahlund, Max"]
[Result "1-0"]
[WhiteTitle "FM"]
[WhiteElo "2313"]
[BlackElo "2142"]
[WhiteFideId "1721003"]
[BlackFideId "1741861"]
[EventDate "2017.07.22"]

1. Nf3 Nf6 2. g3 g6 3. Bg2 Bg7 4. O-O O-O 5. d4 d5 6. Ne5 c6 7. c4 dxc4 8. Nxc4
Be6 9. b3 Bd5 10. Bb2 Bxg2 11. Kxg2 Nbd7 12. Nbd2 c5 13. Nf3 b5 14. Nce5 Nxe5
15. dxe5 Nd5 16. Qd3 Rb8 17. Rac1 c4 18. bxc4 bxc4 19. Qd4 Qa5 20. Ba1 Nb6 21.
Rc2 Rbc8 22. Rfc1 Rc7 23. Bc3 Qa4 24. Qh4 Nd5 25. Bd2 Rfc8 26. Ng5 h6 27. Nf3
Kh7 28. e6 f6 29. e4 c3 30. Be1 Nb4 31. Rxc3 Rxc3 32. Rxc3 Rxc3 33. Bxc3 Nxa2
34. Bd4 a5 35. e5 Qc6 36. exf6 exf6 37. Bxf6 Qe8 38. Bxg7 Kxg7 39. Qd4+ Kg8 40.
Qd5 Nb4 41. Qxa5 Nc6 42. Qd5 Kg7 43. Nd4 1-0

[Event "Xtracon Chess Open 2017"]
[Site "Helsingor DEN"]
[Date "2017.07.25"]
[Round "5.39"]
[White "Johansen, Oivind"]
[Black "Dishman, Stephen"]
[Result "0-1"]
[WhiteTitle "FM"]
[WhiteElo "2108"]
[BlackElo "2313"]
[WhiteFideId "1501119"]
[BlackFideId "403024"]
[EventDate "2017.07.22"]

1. d4 d5 2. Nf3 Nf6 3. c4 c6 4. Nc3 dxc4 5. a4 Bf5 6. g3 e6 7. Bg2 a5 8. O-O
Nbd7 9. Nh4 Bg4 10. f3 Bh5 11. e4 Bb4 12. Qe2 Nb6 13. g4 Nfd7 14. gxh5 Qxh4 15.
f4 O-O 16. Kh1 f5 17. e5 Rad8 18. Bd2 Kh8 19. Be1 Qe7 20. Rd1 Rg8 21. Rf3 Qf7
22. Rh3 Nd5 23. Qf3 N7b6 24. Bh4 Be7 25. Be1 Ra8 26. Ra1 Nb4 27. Qe2 N6d5 28.
Bd2 Nd3 29. Nxd5 cxd5 30. b3 Bb4 31. bxc4 dxc4 32. Be3 Rgd8 33. Qc2 Qc7 34. Bf1
Qc6+ 35. Bg2 Qc7 36. Bf1 Rac8 37. Bxd3 cxd3 38. Qxd3 Qc4 39. Qd1 Qd5+ 40. Kg1
Rc3 41. Rc1 Qe4 42. Rxc3 Bxc3 43. Rg3 Bxd4 44. Bxd4 Rxd4 45. Qc1 Rc4 46. Qa3
Qe1+ 47. Kg2 Qe2+ 48. Kg1 Qd1+ 49. Kf2 Rc2+ 0-1

[Event "Xtracon Chess Open 2017"]
[Site "Helsingor DEN"]
[Date "2017.07.25"]
[Round "5.40"]
[White "Rewitz, Poul"]
[Black "Chittka, Julius"]
[Result "0-1"]
[WhiteTitle "FM"]
[WhiteElo "2310"]
[BlackElo "2137"]
[WhiteFideId "1401033"]
[BlackFideId "12954772"]
[EventDate "2017.07.22"]

1. g3 c5 2. Bg2 g6 3. f4 Bg7 4. Nf3 Nf6 5. d3 d5 6. O-O O-O 7. c3 Nc6 8. Na3 d4
9. e4 dxe3 10. Bxe3 Bf5 11. Bxc5 Bxd3 12. Re1 Qa5 13. Qxd3 Qxc5+ 14. Qe3 Qa5 15.
Kh1 Rad8 16. Nc4 Qb5 17. Qe2 Ng4 18. Ng5 Nf2+ 19. Qxf2 Qxc4 20. Re4 Qd3 21. Re3
Qb5 22. a4 Qb3 23. Ree1 e6 24. Ne4 Qc4 25. Nc5 b6 26. Nb7 Rd7 27. b3 Qxc3 28.
Rac1 Qd4 29. Qf3 Rxb7 30. Qxc6 Rd7 31. Bf3 Rd6 32. Qb7 Qb2 33. Rb1 Qc3 34. Rec1
Qe3 35. Re1 Qf2 36. Re2 Qd4 37. Rc2 Qd3 38. Qe4 Rfd8 39. Qxd3 Rxd3 40. Be4 Re3
41. Bb7 Rdd3 42. b4 Ra3 43. Bc6 Bc3 44. a5 bxa5 45. bxa5 Bxa5 46. Rb8+ Kg7 47.
Rb7 Rec3 48. Rxc3 Rxc3 49. Be8 Rc7 50. Rxc7 Bxc7 51. Kg2 Kf8 52. Ba4 Ke7 53. Kf3
Kd6 54. g4 h6 55. Be8 Ke7 56. Ba4 f5 57. h3 a5 58. gxf5 exf5 59. Bb3 Kf6 60. Bc2
g5 61. fxg5+ hxg5 62. Ba4 Ke5 63. Bc2 Bd6 64. Ba4 Bb4 65. Bd7 Be1 66. Ke2 Bh4
67. Kd3 Kf4 68. Ke2 Bg3 69. Kf1 Ke4 70. Ke2 Bd6 71. Kf2 Kf4 72. Ke2 Bc5 73. Kf1
Ke4 74. Ke2 Bb4 75. Kf2 f4 76. Bc6+ Kd4 77. Ke2 Kc4 78. Kf3 Be1 79. Ke2 Kc5 80.
Bd7 Bg3 81. Be8 Kc4 82. Bc6 Kc3 83. Bd7 Kb4 84. Bc6 Kb3 85. Kd3 a4 86. Bd5+ Kb2 0-1

[Event "Xtracon Chess Open 2017"]
[Site "Helsingor DEN"]
[Date "2017.07.25"]
[Round "5.41"]
[White "Gajic, Mladen"]
[Black "Lien, Kjell Hakon"]
[Result "1-0"]
[WhiteTitle "FM"]
[WhiteElo "2300"]
[BlackElo "2120"]
[WhiteFideId "1709178"]
[BlackFideId "1510444"]
[EventDate "2017.07.22"]

1. e4 c6 2. d4 d5 3. exd5 cxd5 4. c4 Nf6 5. Nc3 g6 6. cxd5 Bg7 7. Bb5+ Nbd7 8.
d6 exd6 9. Qe2+ Qe7 10. Bf4 d5 11. Bd6 Qxe2+ 12. Ngxe2 Ne4 13. Ba3 Nxc3 14. Nxc3
a6 15. Ba4 b5 16. Bb3 Bxd4 17. Nxd5 Ra7 18. Rc1 Bb7 19. Nc7+ Kd8 20. Bxf7 Nf8
21. O-O 1-0

[Event "Xtracon Chess Open 2017"]
[Site "Helsingor DEN"]
[Date "2017.07.25"]
[Round "5.42"]
[White "Wecker, Martin"]
[Black "Wadsworth, Matthew J"]
[Result "0-1"]
[BlackTitle "FM"]
[WhiteElo "2095"]
[BlackElo "2298"]
[WhiteFideId "12931462"]
[BlackFideId "415804"]
[EventDate "2017.07.22"]

1. Nf3 d5 2. d4 Nf6 3. c4 c6 4. Qc2 dxc4 5. Qxc4 Bg4 6. Nc3 Nbd7 7. e4 e5 8.
dxe5 Bxf3 9. gxf3 Nxe5 10. Qe2 Bc5 11. Bd2 Nh5 12. f4 Qxd2+ 13. Kxd2 Nxf4 14.
Qd1 O-O-O+ 15. Nd5 cxd5 16. Kc2 dxe4 17. Qe1 f5 18. Qc3 Nfd3 19. f4 Nc6 20. Bxd3
exd3+ 21. Kd1 Bd4 22. Qd2 Rhe8 23. Re1 Re4 24. Rc1 Rde8 25. Rxe4 fxe4 26. b4 Kb8
27. Rc4 e3 28. Qxd3 e2+ 29. Qxe2 Rxe2 30. Kxe2 Bf6 31. b5 Nd4+ 0-1

[Event "Xtracon Chess Open 2017"]
[Site "Helsingor DEN"]
[Date "2017.07.25"]
[Round "5.43"]
[White "Ranaldi, Lucas"]
[Black "Aroven, Mikael"]
[Result "1-0"]
[WhiteTitle "FM"]
[WhiteElo "2269"]
[BlackElo "2114"]
[WhiteFideId "1519484"]
[BlackFideId "1709534"]
[EventDate "2017.07.22"]

1. d4 d6 2. Nf3 g6 3. c4 Bg7 4. Nc3 Nd7 5. Bg5 h6 6. Bh4 c6 7. e3 Ngf6 8. Be2
O-O 9. Qc2 a6 10. O-O b5 11. a3 Bb7 12. Rfd1 Rc8 13. c5 d5 14. b4 Ra8 15. a4 Re8
16. Ra2 g5 17. Bg3 Nh5 18. Be5 Nhf6 19. Bg3 Nh5 20. Be5 Nhf6 21. Bxf6 Nxf6 22.
h4 gxh4 23. Nxh4 e6 24. Nf3 Ng4 25. e4 Qf6 26. e5 Qe7 27. Rda1 Rab8 28. Qc1 f5
29. axb5 axb5 30. Ra7 Qd8 31. g3 Rf8 32. Kg2 f4 33. gxf4 Qe8 34. Bd3 Qh5 35. Ne2
Nxe5 36. Nxe5 Bxe5 37. dxe5 Qg4+ 38. Ng3 Rxf4 39. Qd1 Rxf2+ 40. Kxf2 Rf8+ 41.
Kg2 1-0

[Event "Xtracon Chess Open 2017"]
[Site "Helsingor DEN"]
[Date "2017.07.25"]
[Round "5.44"]
[White "Frisk, Hans"]
[Black "Taylor, Adam C"]
[Result "0-1"]
[BlackTitle "FM"]
[WhiteElo "1997"]
[BlackElo "2265"]
[WhiteFideId "1708570"]
[BlackFideId "424668"]
[EventDate "2017.07.22"]

1. e4 c5 2. b3 Nc6 3. Bb2 e5 4. Nf3 d6 5. Bc4 Be7 6. O-O Nf6 7. Nc3 O-O 8. d3
Rb8 9. a4 a6 10. h3 h6 11. Nd5 Nxd5 12. Bxd5 Nb4 13. a5 Nxd5 14. exd5 f5 15. Nd2
g5 16. Nc4 f4 17. f3 h5 18. Qe2 Bf6 19. Qe4 Rf7 20. Nb6 Rg7 21. Nxc8 Qxc8 22.
Kf2 Kf7 23. Rh1 Qd7 24. Qa4 Qxa4 25. Rxa4 e4 26. Bxf6 e3+ 27. Ke2 Kxf6 28. Re4
Re7 29. h4 Rxe4 30. hxg5+ Kxg5 31. dxe4 Rh8 32. Rh3 h4 33. Kd3 Kf6 34. Ke2 Rg8
35. Rh2 Rg3 36. Kf1 Kg5 37. c3 Kh5 38. Ke2 Kg6 39. Kf1 Kg5 40. Ke2 h3 41. gxh3
Kh4 42. Kd3 Rxf3 43. e5 e2+ 44. Kxe2 Re3+ 45. Kf2 dxe5 46. Rh1 Rd3 47. c4 Rd2+
48. Kf3 Kg5 49. Ke4 Re2+ 50. Kd3 f3 51. h4+ Kf6 52. h5 e4+ 53. Kc3 f2 54. Rf1 e3
55. d6 Re1 56. d7 Ke7 0-1

[Event "Xtracon Chess Open 2017"]
[Site "Helsingor DEN"]
[Date "2017.07.25"]
[Round "5.45"]
[White "Halfhide, Sebastian"]
[Black "Nielsen, Andre"]
[Result "1-0"]
[WhiteElo "2253"]
[BlackElo "2094"]
[WhiteFideId "1045946"]
[BlackFideId "1518240"]
[EventDate "2017.07.22"]

1. e4 e5 2. Nf3 Nc6 3. Bb5 a6 4. Ba4 Nf6 5. O-O b5 6. Bb3 Bc5 7. d3 d6 8. c3 O-O
9. Re1 Bb6 10. Nbd2 Ne7 11. Nf1 Bb7 12. Ng3 c5 13. Bg5 Kh8 14. Bxf6 gxf6 15. Nh4
Ng6 16. Qh5 d5 17. exd5 Bxd5 18. Bxd5 Qxd5 19. Ne4 Bd8 20. Re3 Rg8 21. Rh3 Rg7
22. Rg3 Nxh4 23. Qxh4 Rxg3 24. Nxg3 Qxd3 25. Qh5 Qg6 26. Qf3 Rb8 27. Rd1 Be7 28.
Nf5 Bf8 29. h4 h5 30. Rd7 b4 31. c4 Kg8 32. Ng3 Bh6 33. Nxh5 f5 34. Qg3 b3 35.
Qxe5 bxa2 36. Qxb8+ Kh7 37. Rd1 Qxh5 38. Ra1 Qxh4 39. Qb3 Bf4 40. Qh3 Qxh3 41.
gxh3 a5 42. Rxa2 Bd2 43. b3 Bc3 44. Rc2 Bd4 45. Rd2 1-0